000 00768cam a22002294a 4500
001 11961237
005 20251211130130.0
008 000401s2000 mauab 000 0 eng
020 _a0697294285
_qacid-free paper
020 _a9780697294289
_q(acid-free paper)
050 0 0 _aRA644.A25
_bC72 2000
082 0 0 _a362.1/969792
_221
100 1 _aCox, Frank D.
245 1 4 _aThe AIDS booklet /
_cFrank D. Cox.
250 _a6th ed.
260 _aBoston :
_bMcGraw Hill,
_cc2000.
300 _axiii, 70 p. ill., map. ;
_c23 cm.
650 0 _aAIDS (Disease)
856 4 2 _3Publisher description
_uhttp://www.loc.gov/catdir/description/mh021/00501807.html
856 4 1 _3Table of contents
_uhttp://www.loc.gov/catdir/toc/mh021/00501807.html
942 _2lcc
_cBK
_e6th ed.
_n0
999 _c8550
_d8550